000 00378nam a2200133Ia 4500
008 130318s9999 xx 000 0 und d
020 _a812970708x
082 _a005.133J KAL/C
100 _aKalinovsky, Alex
245 _aCovert Java: Techniques for decompiling, patching, and reverse engineering
260 _bPearson Education
_aNew Delhi
_c2004
300 _a268
650 _aJAVA
999 _c809
_d809